The trade makers : Elder Dempster in west Africa, 1852-1972, 1973-1989

Αποθηκεύτηκε σε:
Λεπτομέρειες βιβλιογραφικής εγγραφής
Κύριος συγγραφέας: Davies, Peter N.
Συγγραφή απο Οργανισμό/Αρχή: International Maritime Economic History Association
Μορφή: Βιβλίο
Γλώσσα:English
Δημοσίευση: St. John's, Nfld. : International Maritime Economic History Association, 2000.
Σειρά:Research in maritime history ; 19
Θέματα:
Ετικέτες: Προσθήκη ετικέτας
Δεν υπάρχουν, Καταχωρήστε ετικέτα πρώτοι!

MARC

LEADER 00000cam a2200000 i 4500
001 1/51912
008 040318s2000 nfc| ||| |||| ||eng||
020 |a 0968128890 
035 |l 10072831 
040 |a GR-MyUa  |b gre  |e AACR2 
041 0 |a eng 
082 7 |a 387.506041   |2 (22) 
100 1 |a Davies, Peter N. 
245 1 4 |a The trade makers :   |b Elder Dempster in west Africa, 1852-1972, 1973-1989 /   |c Peter N. Davies ; International Maritime Economic History Association. 
260 |a St. John's, Nfld. :   |b International Maritime Economic History Association,   |c 2000. 
300 |a xxxii, 555 σ. :   |b εικ., πιν. ;   |c 23 εκ. 
490 1 |a (Research in maritime history ;   |v 19) 
500 |a Εξαμηνιαία περιοδική έκδοση σε μορφή βιβλίου -bookseries-, με τίτλο: Research in maritime history, ISSN:1188-3928. 
504 |a Περιλαμβάνει βιβλιογραφία και ευρετήριο. 
610 2 0 |a Elder Dempster Lines Ltd. 
650 0 |a Steamboat lines  |z Great Britain  |x History. 
651 0 |a Great Britain  |x Commerce  |z Africa, West  |x History. 
651 0 |a Africa, West  |x Commerce  |z Great Britain  |x History. 
710 2 |a International Maritime Economic History Association. 
830 0 |a Research in maritime history ;  |v 19 
852 |a INST  |b CHIOS  |e 20040318  |h 387.506041 DAV  |p 005200023306  |q 005200023306  |t BK  |y 0 
901 |a BIBL2-2004-1 
970 |a ΣΠΕΝΤΖΑ  |b ΕΛΕΝΗ  |z 2004/03/18